000 00761cam5a220020500 4500
001 tmp15412093
003 UPRA
005 20190826100448.0
008 950808s1973 nyu eng u
035 _a(Sirsi) r104308
035 _a(UPRA)tmp15412093
040 _cUPRA
100 1 _aKats, Shemu'el.
_6A61442.1
245 1 4 _aThe Jewish presence in Palestine.
260 _a[New York :
_bBantam Books,
_c1973]
500 _aTaken from chapter four of the book "Batterground-fact and fantasy in Palestine." This extract reprinted by Israel Academic Committee on the Middle East, in association with the Weizmann Institute of Science.
650 0 _aJewish-Arab relations.
_6S4238.1
949 _aDS119.7
_wlcc
_i-148308
_mMAIN
_tBOOK
_lON-SHELF
004 104308
999 _c162144
_d162144